| Tag |
First Indicator |
Second Indicator |
Subfields |
| LEADER |
00000cam a22000008a 4500 |
| 001 |
in00000071825 |
| 005 |
20151008062418.0 |
| 008 |
810817s1981 cau b 00110 eng |
| 010 |
|
|
|a 81014326
|
| 020 |
|
|
|a 0803917376
|
| 020 |
|
|
|a 0803917384 (pbk.)
|
| 035 |
|
|
|a (OCoLC)07735211
|
| 035 |
|
|
|9 AAK0172AM
|
| 039 |
0 |
|
|a 2
|b 3
|c 3
|d 3
|e 3
|
| 040 |
|
|
|a DLC
|c DLC
|d TXA
|d UtOrBLW
|
| 043 |
|
|
|a n-us---
|
| 049 |
|
|
|a TXAM
|c [1387288]
|
| 050 |
0 |
0 |
|a HF5813.U6
|b B39
|
| 082 |
0 |
|
|a 659.1/042/0973
|2 19
|
| 100 |
1 |
|
|a Berman, Ronald.
|
| 245 |
1 |
0 |
|a Advertising and social change /
|c Ronald Berman.
|
| 263 |
|
|
|a 8109
|
| 264 |
|
1 |
|a Beverly Hills, Calif. :
|b Sage Publications,
|c [1981]
|
| 264 |
|
4 |
|c ©1981
|
| 300 |
|
|
|a 159 pages ;
|c 23 cm.
|
| 336 |
|
|
|a text
|b txt
|2 rdacontent
|
| 337 |
|
|
|a unmediated
|b n
|2 rdamedia
|
| 338 |
|
|
|a volume
|b nc
|2 rdacarrier
|
| 490 |
1 |
|
|a The Sage commtext series ;
|v v. 8
|
| 500 |
|
|
|a Includes index.
|
| 504 |
|
|
|a Bibliography: pages 151-154.
|
| 650 |
|
0 |
|a Advertising
|x Social aspects
|z United States.
|
| 830 |
|
0 |
|a Sage commtext series ;
|v v. 8.
|
| 999 |
|
|
|a MARS
|
| 999 |
f |
f |
|s efe54ffd-b2a6-3ae0-b9b9-ff8f9afa9789
|i 41b4428b-191c-3cf2-a4c7-575bcaa27f5e
|t 0
|
| 952 |
f |
f |
|p ric
|a Texas A&M University
|b Rellis Campus
|c Joint Library Facility
|d Remote Storage
|t 0
|e HF5813.U6 B39
|h Library of Congress classification
|i unmediated -- volume
|m A14806136610
|
| 998 |
f |
f |
|a HF5813.U6 B39
|t 0
|l Remote Storage
|